| 000 | 00514cam a22002055a 4500 | ||
|---|---|---|---|
| 001 | E135306 | ||
| 008 | 040722s2006 xxk f w 001 0 eng u | ||
| 020 | _a0421935707 | ||
| 035 | _a(Sirsi) u135306 | ||
| 041 | _aeng. | ||
| 050 | _a340 | ||
| 110 |
_aCurrent Law _92728 |
||
| 245 | _aCurrent Law year book 2005 | ||
| 260 |
_aLondon _bSweet and Maxwell _c2006 |
||
| 300 |
_a2v. _c25cm. |
||
| 490 |
_aCurrent Law Year Book _v[2005] C.L.Y. 1282 |
||
| 651 | 4 |
_aUnited Kingdom _y |
|
| 690 | _aLAW-UK | ||
| 942 | _n0 | ||
| 999 |
_c105995 _d105995 |
||